000 00799nam a22002297a 4500
999 _c16037
_d16037
003 AR-CdUCM
008 190328b ||||| |||| 00| 0 eng d
020 _a84-204-5845-7
040 _aMUNICIPALIDAD PROVINCIAL DEL CUSCO
_cBIBLIOTECA MUNICIPAL DEL CUSCO
082 _aPI / 803 /
_bR63
100 _aRío, Ana María del.
_935315
245 _aLa historia de Manú :
_bDerecho a formarse en un mundo solidario /
260 _aEspaña :
_bAlfaguara,
_bUnicef,
_c2000.
300 _a31 páginas ;
_bilustraciones a color,
_c28 cm.
440 _aColección derechos del niño.
_n10
_935316
505 _aContenido : Cuentos.
650 _aCuentos infantiles.
_93927
650 _aSiglo XX
_98
700 _aCardemil, Carmen (ilustraciones)
_935317
942 _2ddc
_cLIBROS
945 _arum
_d2019-04-30